| 000 | 00625nam a22001937a 4500 | ||
|---|---|---|---|
| 005 | 20130501113905.0 | ||
| 010 | _aENG-106928 | ||
| 020 |
_a9788177082623 _c545.00 |
||
| 035 | _aEN-90461 | ||
| 037 | _bDBAD/PUB | ||
| 082 | _a332.10954 | ||
| 100 | _aChakrabarti, Manas | ||
| 245 |
_aRural banking in India / _cby Manas Chakrabarti |
||
| 260 |
_aNew Delhi _bNew Century Publications _c2011 |
||
| 270 |
_a4800/24, Bharat Ram Road, Ansari Road, Darya Ganj _bNew Delhi _e110002 |
||
| 300 |
_axv,184p. _c22cm(Hb) |
||
| 500 | _aIncludes bibliographical references and index | ||
| 942 |
_2ddc _cEN _h332.10954 _mCHA |
||
| 999 |
_c74897 _d74897 |
||